LEADER 00856nam0-22003011i-450- 001 990006497750403321 005 20001010 035 $a000649775 035 $aFED01000649775 035 $a(Aleph)000649775FED01 035 $a000649775 100 $a20001010d--------km-y0itay50------ba 101 0 $aita 105 $ay-------001yy 200 1 $aTALES from Southern Africa$fTranslated and Retold by A.C. Jordan 210 $aBerkeley$cUniversity of California Press$d1973. 215 $aXXIV, 277 p.$d22 cm 225 1 $aPerspectives on Southern Africa$v4 676 $a896 702 1$aJordan,$bArchibald Campbell 801 0$aIT$bUNINA$gRICA$2UNIMARC 901 $aBK 912 $a990006497750403321 952 $aCOLLEZ. 300 (4)$b13264$fFSPBC 959 $aFSPBC 996 $aTALES from Southern Africa$9654229 997 $aUNINA DB $aGEN01 LEADER 00963nam2-2200337---450- 001 990009769620403321 005 20131007100543.0 035 $a000976962 035 $aFED01000976962 035 $a(Aleph)000976962FED01 035 $a000976962 100 $a20131007d1963----km-y0itay50------ba 101 0 $aeng 102 $aGB 105 $ay-------001yy 200 1 $a<<1.: >>Ortho- and ring silicates$fW.A. Deer, R.A. Howie and J. Zussman 205 $a2.nd imp. 210 $aLondon$cLongmans$d1963 215 $aIX, 333 p.$d26 cm 461 0$1001000976929$12001$aRock-forming minerals$v1 610 0 $aMineralogia 700 1$aDeer,$bWilliam Alexander$019578 701 1$aHowie,$bRobert Andrew$062816 701 1$aZussman,$bJack$062817 801 0$aIT$bUNINA$gRICA$2UNIMARC 901 $aBK 912 $a990009769620403321 952 $aM 2/20$b5395.1$fDINGE 959 $aDINGE 996 $aOrtho- and ring silicates$9831918 997 $aUNINA